Návrh systému odmeňovania zamestnancov v podniku Purgina spol. s r. o.

Enregistré dans:
Détails bibliographiques
Auteur principal: Šmotláková, Jana, 1988- (Auteur)
Autres auteurs: Holkovič, Ľubomír, 1949- (Directeur de thèse)
Format: Manuscrit Livre
Langue:slovaque
Publié: Trnava : STU v Bratislave MTF UIPH, 2010
Sujets:
Accès en ligne:VAIS
Tags: Ajouter un tag
Pas de tags, Soyez le premier à ajouter un tag!

MARC

LEADER 00000ntm a22000003a 4500
001 stu217602
005 20160719160339.0
008 101127s2010----xo------------------slo-d
040 |a STU  |b slo 
041 0 |a slo 
044 |a xo 
100 1 |a Šmotláková, Jana,  |d 1988-  |4 aut  |X 48459  |7 A000048459 
242 0 0 |a The reward system proposal for employees in Purgina Ltd.  |y eng 
245 1 |a Návrh systému odmeňovania zamestnancov v podniku Purgina spol. s r. o. 
260 |a Trnava :  |b STU v Bratislave MTF UIPH,  |c 2010 
650 7 |a personálna práca v priemyselnom podniku  |2 stusub 
650 7 |a Personnel Work in a Business Enterprise  |2 estusub 
650 7 |a odmeňovanie  |2 stusub 
650 7 |a motivačné faktory  |2 stusub 
650 7 |a satisfaction  |2 estusub 
700 1 |a Holkovič, Ľubomír,  |d 1949-  |4 ths  |u M310  |U MTF Ústav inžinierskej pedagogiky a humatitných vied  |T MTF Katedra humanitných vied  |X 1518  |U M310  |Y M310  |7 A000001518 
856 4 |a info a plný text  |u http://is.stuba.sk/zp/portal_zp.pl?podrobnosti=47074  |3 VAIS 
996 |c M*BP-4884  |l MMSKP  |s P  |a 0  |w stu217602_0001